[Event "FRA-ch Accession"]
[Site "Vichy"]
[Date "2000.08.20"]
[Round "5"]
[White "Guigonis, Dominique"]
[Black "Boudre, Jean Pierre"]
[Result "0-1"]
[WhiteElo "2301"]
[BlackElo "2360"]
[PlyCount "85"]
[EventDate "2000.08.16"]
[EventType "swiss"]
[EventRounds "11"]
[EventCountry "FRA"]
[SourceTitle "EXT 2001"]
[Source "ChessBase"]
[SourceDate "2000.11.22"]
[SourceVersion "1"]
[SourceVersionDate "2000.11.22"]
[SourceQuality "1"]

1. d4 e6 2. e4 c5 3. d5 exd5 4. exd5 d6 5. Bd3 Nf6 6. c4 Be7 7. Nc3 0-0 8. Nge2 Nbd7 9. f4 Ne8 10. g4 Nc7 11. Ng3 Re8 12. 0-0 Bf6 13. Bd2 b5 14. b3 Bd4+ 15. Kg2 Nb6 16. g5 bxc4 17. bxc4 Ba6 18. Bxh7+ Kxh7 19. Qh5+ Kg8 20. f5 Re5 21. Rae1 Nxc4 22. Rf4 Rxe1 23. Bxe1 Ne3+ 24. Kh1 Ncxd5 25. Rh4 Kf8 26. Qf3 Ne7 27. Rh8+ Ng8 28. h4 Rb8 29. Kh2 Rb2+ 30. Kh3 Bb7 31. Nce4 Qd7 32. h5 g6 33. Qxe3 Bxh8 34. Bc3 Bxe4 35. Bxh8 Bxf5+ 36. Nxf5 Qxf5+ 37. Kg3 Rb7 38. h6 Ne7 39. Bf6 Qxf6 40. gxf6 Nf5+ 41. Kh2 Nxe3 42. h7 Ng4+ 43. Kg2 0-1

[Event "Paris-ch op"]
[Site "Paris"]
[Date "2000.07.21"]
[Round "7"]
[White "Guigonis, Dominique"]
[Black "Renaudin, Mathieu"]
[Result "1/2-1/2"]
[WhiteElo "2301"]
[BlackElo "2166"]
[PlyCount "96"]
[EventDate "2000.07.15"]
[EventType "swiss"]
[EventRounds "9"]
[EventCountry "FRA"]
[SourceTitle "EXT 2001"]
[Source "ChessBase"]
[SourceDate "2000.11.22"]
[SourceVersion "1"]
[SourceVersionDate "2000.11.22"]
[SourceQuality "1"]

1. e4 e6 2. d4 d5 3. e5 c5 4. c3 Nc6 5. Nf3 Qb6 6. a3 f6 7. b4 fxe5 8. dxe5 Nh6 9. Bxh6 gxh6 10. Bd3 Bg7 11. 0-0 0-0 12. Qe2 Bd7 13. Nbd2 Be8 14. h3 Bh5 15. Bxh7+ Kxh7 16. Ng5+ hxg5 17. Qxh5+ Kg8 18. f4 cxb4+ 19. Kh1 gxf4 20. Nf3 Rf5 21. Ng5 Nxe5 22. Rae1 Rxg5 23. Qxg5 Nf7 24. Qxf4 Rf8 25. cxb4 Nd6 26. Qc1 Rxf1+ 27. Rxf1 Ne4 28. Qf4 e5 29. Qf7+ Kh7 30. Kh2 Nf6 31. g4 Qc6 32. g5 Qc2+ 33. Kg1 Qd3 34. Rxf6 Qg3+ 35. Kf1 Qxh3+ 36. Ke1 Qe3+ 37. Kf1 Qh3+ 38. Ke2 Qg2+ 39. Kd1 Qg1+ 40. Kc2 Qg2+ 41. Kb3 Qxg5 42. Rf5 Qe3+ 43. Ka4 b5+ 44. Kxb5 Qb6+ 45. Ka4 Qa6+ 46. Kb3 Qc4+ 47. Ka4 Qa6+ 48. Kb3 Qc4+ 1/2-1/2

[Event "Paris-ch op"]
[Site "Paris"]
[Date "2000.07.20"]
[Round "6"]
[White "Derieux, Christian"]
[Black "Guigonis, Dominique"]
[Result "0-1"]
[WhiteElo "2172"]
[BlackElo "2301"]
[PlyCount "76"]
[EventDate "2000.07.15"]
[EventType "swiss"]
[EventRounds "9"]
[EventCountry "FRA"]
[SourceTitle "EXT 2001"]
[Source "ChessBase"]
[SourceDate "2000.11.22"]
[SourceVersion "1"]
[SourceVersionDate "2000.11.22"]
[SourceQuality "1"]

1. d4 g6 2. c4 Bg7 3. e4 c5 4. d5 d6 5. Nc3 e5 6. Nge2 a6 7. Ng3 h5 8. Be2 Nd7 9. Be3 Rb8 10. 0-0 h4 11. Nh1 Bh6 12. Qd2 Qf6 13. g3 hxg3 14. fxg3 Qg7 15. Rf2 Ndf6 16. Rb1 Bxe3 17. Qxe3 Nh6 18. Qf3 Nd7 19. b4 f5 20. Na4 cxb4 21. Rxb4 Ng4 22. Rg2 Ndf6 23. c5 Nxe4 24. Bxa6 Qh6 25. Bb5+ Ke7 26. Rxe4 Nxh2 27. cxd6+ Kf6 28. Qf2 Ng4 29. Rh2 Nxh2 30. Rh4 Nf3+ 31. Qxf3 Qc1+ 32. Kg2 Rxh4 33. gxh4 b6 34. Nf2 Bb7 35. Ng4+ Kg7 36. Nxe5 Qd2+ 37. Kg3 Bxd5 38. Qf2 f4+ 0-1

[Event "Paris-ch op"]
[Site "Paris"]
[Date "2000.07.19"]
[Round "5"]
[White "Guigonis, Dominique"]
[Black "Lode, Sebastien"]
[Result "0-1"]
[WhiteElo "2301"]
[BlackElo "2207"]
[PlyCount "82"]
[EventDate "2000.07.15"]
[EventType "swiss"]
[EventRounds "9"]
[EventCountry "FRA"]
[SourceTitle "EXT 2001"]
[Source "ChessBase"]
[SourceDate "2000.11.22"]
[SourceVersion "1"]
[SourceVersionDate "2000.11.22"]
[SourceQuality "1"]

1. d4 Nf6 2. c4 g6 3. Nc3 Bg7 4. e4 d6 5. h3 0-0 6. Bg5 c5 7. d5 Na6 8. Bd3 Bd7 9. Nge2 Rb8 10. 0-0 Nb4 11. Ng3 Nxd3 12. Qxd3 a6 13. Rae1 Ne8 14. f4 b5 15. b3 Qa5 16. e5 f6 17. Bh6 Bxh6 18. e6 bxc4 19. bxc4 Ba4 20. f5 Kg7 21. Re4 Rb2 22. Rf2 Rxf2 23. Kxf2 Bc1 24. Kg1 g5 25. Re2 Kh8 26. Nge4 Ng7 27. g4 Rb8 28. h4 gxh4 29. g5 Bxg5 30. Nxg5 fxg5 31. f6 exf6 32. Ne4 Qb6 33. Re1 Qd8 34. Qc3 f5 35. Nf6 Qe7 36. Rf1 f4 37. Ne4 Be8 38. Rf2 Bg6 39. Nf6 h3 40. Rb2 Rxb2 41. Qxb2 h5 0-1

[Event "Paris-ch op"]
[Site "Paris"]
[Date "2000.07.18"]
[Round "4"]
[White "Bianchi, Guillaume"]
[Black "Guigonis, Dominique"]
[Result "0-1"]
[WhiteElo "2196"]
[BlackElo "2301"]
[PlyCount "80"]
[EventDate "2000.07.15"]
[EventType "swiss"]
[EventRounds "9"]
[EventCountry "FRA"]
[SourceTitle "EXT 2001"]
[Source "ChessBase"]
[SourceDate "2000.11.22"]
[SourceVersion "1"]
[SourceVersionDate "2000.11.22"]
[SourceQuality "1"]

1. d4 g6 2. c4 Bg7 3. Nc3 c5 4. d5 e5 5. e4 d6 6. g3 Ne7 7. Bg2 0-0 8. Nge2 f5 9. 0-0 Nd7 10. a3 Nf6 11. Kh1 h6 12. f4 Nxe4 13. Nxe4 fxe4 14. fxe5 Rxf1+ 15. Qxf1 Bxe5 16. Bxe4 Bf5 17. Bxf5 Nxf5 18. Bf4 Qe7 19. Bxe5 Qxe5 20. Nc3 Rf8 21. Qd3 Kg7 22. Kg1 a6 23. Rb1 Nd4 24. Rf1 Re8 25. Kh1 h5 26. Kg1 Re7 27. Kh1 Qe3 28. Qxe3 Rxe3 29. Kg2 Nf5 30. Rc1 Kf6 31. b4 Ke5 32. bxc5 dxc5 33. Kf2 Rd3 34. Na4 Kd4 35. Nb6 Nd6 36. a4 a5 37. h3 Ne4+ 38. Kg2 Rxg3+ 39. Kh2 Rd3 40. Rg1 g5 0-1

[Event "FRA-chT 9900"]
[Site "France"]
[Date "2000.04.29"]
[Round "9.2"]
[White "Martsynovskaya, Marina"]
[Black "Guigonis, Dominique"]
[Result "1-0"]
[WhiteElo "2202"]
[BlackElo "2315"]
[PlyCount "41"]
[EventDate "1999.02.04"]
[EventType "team"]
[EventRounds "11"]
[EventCountry "FRA"]
[SourceTitle "EXT 2001"]
[Source "ChessBase"]
[SourceDate "2000.11.22"]
[SourceVersion "1"]
[SourceVersionDate "2000.11.22"]
[SourceQuality "1"]

1. e4 e5 2. Nc3 Nf6 3. Nf3 Nc6 4. d4 exd4 5. Nxd4 Bb4 6. Nxc6 bxc6 7. Bd3 d5 8. exd5 cxd5 9. 0-0 0-0 10. Bg5 c6 11. Qf3 Be7 12. h3 h6 13. Bd2 Nh7 14. Rfe1 Ng5 15. Qh5 Bd6 16. Ne2 Qf6 17. Bc3 Qd8 18. Nd4 c5 19. Nf5 d4 20. Bd2 Qf6 21. Bxg5 1-0

[Event "FRA-chT 9900"]
[Site "France"]
[Date "2000.04.01"]
[Round "6.2"]
[White "De la Riva Aguado, Oscar"]
[Black "Guigonis, Dominique"]
[Result "1/2-1/2"]
[WhiteElo "2443"]
[BlackElo "2315"]
[PlyCount "77"]
[EventDate "1999.02.04"]
[EventType "team"]
[EventRounds "11"]
[EventCountry "FRA"]
[SourceTitle "EXT 2001"]
[Source "ChessBase"]
[SourceDate "2000.11.22"]
[SourceVersion "1"]
[SourceVersionDate "2000.11.22"]
[SourceQuality "1"]

1. e4 e6 2. d4 d5 3. Nc3 Nf6 4. Bg5 Be7 5. e5 Ne4 6. Bxe7 Qxe7 7. Nxe4 dxe4 8. Qd2 b6 9. Ne2 Bb7 10. Nc3 Nd7 11. Nb5 0-0 12. 0-0-0 f6 13. Bc4 fxe5 14. Nxc7 Rac8 15. d5 Qc5 16. dxe6 Nf6 17. e7+ Qxc4 18. exf8Q+ Kxf8 19. Rhe1 Rxc7 20. Kb1 Kf7 21. h3 b5 22. Rc1 b4 23. Red1 a5 24. Qd6 Re7 25. b3 Qc7 26. Qxc7 Rxc7 27. Kb2 Nd5 28. a3 Ke6 29. axb4 axb4 30. Rd2 e3 31. fxe3 Nxe3 32. g3 Nd5 33. Re1 Nc3 34. Rd4 Nd5 35. Rde4 Kd6 36. Rd1 Ke6 37. Rde1 Kd6 38. Rd1 Ke6 39. Rde1 1/2-1/2

[Event "FRA-chT 9900"]
[Site "France"]
[Date "2000.03.31"]
[Round "5.2"]
[White "Guigonis, Dominique"]
[Black "Bricard, Emmanuel"]
[Result "1/2-1/2"]
[WhiteElo "2315"]
[BlackElo "2461"]
[PlyCount "51"]
[EventDate "1999.02.04"]
[EventType "team"]
[EventRounds "11"]
[EventCountry "FRA"]
[SourceTitle "EXT 2001"]
[Source "ChessBase"]
[SourceDate "2000.11.22"]
[SourceVersion "1"]
[SourceVersionDate "2000.11.22"]
[SourceQuality "1"]

1. e4 e6 2. d4 d5 3. e5 c5 4. c3 Bd7 5. Nf3 Nc6 6. a3 f6 7. Bd3 fxe5 8. dxe5 Qc7 9. Bf4 Nh6 10. 0-0 Nf7 11. c4 0-0-0 12. Nc3 d4 13. Nb5 Qb6 14. b4 cxb4 15. axb4 Bxb4 16. Qe2 a6 17. Rfb1 Qc5 18. Nd6+ Nxd6 19. exd6 Rdf8 20. Bd2 Bc3 21. Bxc3 dxc3 22. Qe3 Qxd6 23. Be4 Be8 24. Qxc3 Bg6 25. Bxg6 hxg6 26. Qxg7 1/2-1/2

[Event "FRA-chT 9900"]
[Site "France"]
[Date "2000.02.06"]
[Round "3.2"]
[White "Guigonis, Dominique"]
[Black "Sokolov, Andrei"]
[Result "0-1"]
[WhiteElo "2315"]
[BlackElo "2565"]
[PlyCount "46"]
[EventDate "1999.02.04"]
[EventType "team"]
[EventRounds "11"]
[EventCountry "FRA"]
[SourceTitle "EXT 2001"]
[Source "ChessBase"]
[SourceDate "2000.11.22"]
[SourceVersion "1"]
[SourceVersionDate "2000.11.22"]
[SourceQuality "1"]

1. e4 c5 2. Nf3 d6 3. d4 cxd4 4. Nxd4 Nf6 5. Bd3 Nc6 6. Nxc6 bxc6 7. 0-0 g6 8. b3 Bg7 9. Bb2 0-0 10. Qe2 e5 11. Nd2 Nh5 12. g3 Bh3 13. Rfe1 Nf4 14. Qd1 Nxd3 15. cxd3 f5 16. Nc4 c5 17. b4 cxb4 18. Qb3 Kh8 19. Qxb4 Rb8 20. Qc3 fxe4 21. dxe4 Qf6 22. Re2 Rbc8 23. g4 Bxg4 0-1

[Event "Bois Colombes"]
[Site "Bois Colombes"]
[Date "1999.04.28"]
[Round "3"]
[White "Inkiov, Ventzislav"]
[Black "Guigonis, Dominique"]
[Result "1-0"]
[WhiteElo "2466"]
[BlackElo "2309"]
[PlyCount "91"]
[EventDate "1999.04.??"]
[EventType "tourn"]
[EventRounds "9"]
[EventCountry "FRA"]
[EventCategory "3"]
[SourceTitle "CBM 070 Extra"]
[Source "ChessBase"]
[SourceDate "1999.07.10"]
[SourceVersion "1"]
[SourceVersionDate "1999.07.10"]
[SourceQuality "1"]

1. d4 d5 2. c4 dxc4 3. Nf3 e6 4. Nc3 c6 5. a4 Bb4 6. g3 b5 7. Bg2 Bb7 8. Ne5 Qb6 9. 0-0 Nf6 10. e4 Nbd7 11. Be3 Rd8 12. Qc2 a6 13. b3 c5 14. Nxd7 Rxd7 15. d5 exd5 16. Nxd5 Nxd5 17. exd5 0-0 18. bxc4 bxc4 19. Qxc4 a5 20. Rfd1 Qf6 21. Rac1 Ba6 22. Qg4 Qe7 23. Bg5 Be2 24. Bxe7 Bxg4 25. Bxf8 Bxd1 26. Bxc5 Rc7 27. d6 Rxc5 28. Rxd1 Rc8 29. d7 Rd8 30. Bc6 Kf8 31. Rd5 f6 32. Kf1 Ke7 33. Rd4 Bc5 34. Re4+ Kd6 35. Re8 Bb6 36. Bb5 g5 37. f4 Kc7 38. Ke2 Kb7 39. Kd3 Ka7 40. f5 Rb8 41. Ke4 Bd8 42. Kd5 Kb7 43. Kd6 Kb6 44. h3 Kb7 45. Bc6+ Kb6 46. g4 1-0

[Event "Agneaux St Lo Masters-B"]
[Site "Agneaux"]
[Date "1999.??.??"]
[Round "?"]
[White "Adrian, Claude"]
[Black "Guigonis, Dominique"]
[Result "0-1"]
[WhiteElo "2315"]
[BlackElo "2310"]
[PlyCount "36"]
[EventDate "1999.07.??"]
[EventType "tourn"]
[EventRounds "9"]
[EventCountry "FRA"]
[EventCategory "3"]
[SourceTitle "EXT 2000"]
[Source "ChessBase"]
[SourceDate "1999.11.16"]
[SourceVersion "1"]
[SourceVersionDate "1999.11.16"]
[SourceQuality "1"]

1. c4 g6 2. Nf3 Bg7 3. d4 d6 4. g3 e5 5. dxe5 dxe5 6. Qxd8+ Kxd8 7. Nc3 Be6 8. Ng5 Bxc4 9. b3 h6 10. bxc4 hxg5 11. Bxg5+ f6 12. Rd1+ Nd7 13. h4 fxg5 14. Bh3 g4 15. Bxg4 Ngf6 16. Bh3 c6 17. Ne4 Kc7 18. Ng5 Nc5 0-1

[Event "Agneaux St Lo Masters-B"]
[Site "Agneaux"]
[Date "1999.??.??"]
[Round "?"]
[White "Karr, Jean Philippe"]
[Black "Guigonis, Dominique"]
[Result "1-0"]
[WhiteElo "2320"]
[BlackElo "2310"]
[PlyCount "73"]
[EventDate "1999.07.??"]
[EventType "tourn"]
[EventRounds "9"]
[EventCountry "FRA"]
[EventCategory "3"]
[SourceTitle "EXT 2000"]
[Source "ChessBase"]
[SourceDate "1999.11.16"]
[SourceVersion "1"]
[SourceVersionDate "1999.11.16"]
[SourceQuality "1"]

1. d4 Nf6 2. c4 b6 3. Nc3 Bb7 4. Qc2 Na6 5. Nf3 Nb4 6. Qa4 Bxf3 7. gxf3 Nc6 8. e3 e5 9. d5 Na5 10. c5 Nb7 11. c6 Nc5 12. cxd7+ Qxd7 13. Qxd7+ Nfxd7 14. e4 0-0-0 15. Be3 c6 16. b4 cxd5 17. bxc5 d4 18. Nd5 Nxc5 19. Bd2 Kb7 20. a4 f5 21. a5 fxe4 22. fxe4 Nxe4 23. Bg2 Nxd2 24. Kxd2 b5 25. Rhc1 Kb8 26. a6 Rxd5 27. Bxd5 Bb4+ 28. Kd3 Bc3 29. Rxc3 dxc3 30. Rb1 Kc7 31. Rxb5 Kd6 32. Kxc3 g5 33. Be4 g4 34. Rb7 Rc8+ 35. Kd3 Kc5 36. Rxa7 Kb6 37. Rd7 1-0

[Event "FRA-ch"]
[Site "Meribel"]
[Date "1998.08.28"]
[Round "15"]
[White "Prie, Eric"]
[Black "Guigonis, Dominique"]
[Result "1-0"]
[WhiteElo "2465"]
[BlackElo "2315"]
[PlyCount "79"]
[EventDate "1998.08.14"]
[EventType "tourn"]
[EventRounds "15"]
[EventCountry "FRA"]
[EventCategory "10"]
[SourceTitle "CBM 067"]
[Source "ChessBase"]
[SourceDate "1998.11.30"]
[SourceVersion "2"]
[SourceVersionDate "1998.11.01"]
[SourceQuality "1"]

1. e4 e5 2. Nf3 Nc6 3. Bb5 a6 4. Bxc6 dxc6 5. 0-0 Bg4 6. h3 h5 7. d3 Qf6 8. Nbd2 Bc5 9. Nc4 Bxf3 10. Qxf3 Qxf3 11. gxf3 Bd6 12. f4 exf4 13. Nxd6+ cxd6 14. Bxf4 Kd7 15. Bd2 Ne7 16. Bc3 Rhg8 17. f3 f6 18. Kf2 Ke6 19. Rg1 g6 20. Ke3 b5 21. d4 Rab8 22. a3 Ra8 23. Ba5 Raf8 24. Rac1 f5 25. Bd2 Rf7 26. Ke2 fxe4 27. fxe4 Rgf8 28. Rg2 Rf3 29. Rh1 c5 30. d5+ Ke5 31. Re1 Rxh3 32. Bc3+ Rxc3 33. bxc3 Rf4 34. Kd2 Kf6 35. Ke3 Rh4 36. Rf1+ Kg7 37. Rgf2 Rh3+ 38. Kd2 Kh6 39. Rf7 Nc8 40. Rb7 1-0

[Event "FRA-ch"]
[Site "Meribel"]
[Date "1998.08.14"]
[Round "1"]
[White "Hauchard, Arnaud"]
[Black "Guigonis, Dominique"]
[Result "1-0"]
[WhiteElo "2500"]
[BlackElo "2315"]
[PlyCount "135"]
[EventDate "1998.08.14"]
[EventType "tourn"]
[EventRounds "15"]
[EventCountry "FRA"]
[EventCategory "10"]
[SourceTitle "CBM 067"]
[Source "ChessBase"]
[SourceDate "1998.11.30"]
[SourceVersion "2"]
[SourceVersionDate "1998.11.01"]
[SourceQuality "1"]

1. c4 e6 2. Nc3 d5 3. d4 c6 4. Nf3 Nf6 5. Bg5 Nbd7 6. e3 Qa5 7. cxd5 exd5 8. Nd2 Ne4 9. Ndxe4 dxe4 10. Bh4 Bb4 11. Qc2 0-0 12. Be2 f5 13. 0-0 Nf6 14. f3 exf3 15. Bc4+ Nd5 16. Rxf3 Be6 17. Raf1 Rae8 18. Nxd5 cxd5 19. Bb3 Bd6 20. Bg3 Bxg3 21. Rxg3 Rc8 22. Qf2 Qc7 23. Rf3 Qd6 24. Qd2 Rf7 25. Bc2 g6 26. Bd3 Kg7 27. Qf2 Bd7 28. Qh4 Rcf8 29. Qf4 Qxf4 30. exf4 Be6 31. Re3 Kf6 32. Rc1 Re8 33. Re5 Ree7 34. Rce1 Bc8 35. Kf2 Be6 36. Bc2 Rf8 37. Bb3 Rd8 38. Rc1 Rd6 39. Rc5 Rc6 40. Bxd5 Rb6 41. b3 Bxd5 42. Rxe7 Kxe7 43. Rxd5 Ra6 44. a4 Rc6 45. Rb5 b6 46. a5 Rc2+ 47. Kg3 bxa5 48. Rxa5 Rc3+ 49. Kh4 Rxb3 50. Rxa7+ Kf6 51. Rxh7 Rb2 52. Kh3 Rd2 53. Rd7 Ke6 54. Rd8 Ke7 55. Rd5 Kf7 56. Rd6 Kg7 57. d5 Kf7 58. g3 Kg7 59. Rd8 Kf6 60. d6 Kf7 61. d7 Ke7 62. Rg8 Kxd7 63. Rxg6 Ke7 64. Kh4 Rxh2+ 65. Kg5 Kf7 66. Rf6+ Kg7 67. Rxf5 Rh6 68. Rf7+ 1-0

[Event "FRA-ch Accession"]
[Site "Narbonne "]
[Date "1997.??.??"]
[Round "8"]
[White "Chomet, Pascal"]
[Black "Guigonis, Dominique"]
[Result "1-0"]
[WhiteElo "2360"]
[BlackElo "2270"]
[PlyCount "41"]
[EventDate "1997.08.??"]
[EventType "swiss"]
[EventRounds "11"]
[EventCountry "FRA"]
[SourceTitle "EXT 2021"]
[Source "ChessBase"]
[SourceDate "2020.10.23"]
[SourceVersion "1"]
[SourceVersionDate "2020.10.23"]
[SourceQuality "1"]

1. e4 e6 2. d3 d5 3. Nd2 c5 4. g3 Nc6 5. Bg2 Nf6 6. f4 g6 7. Nh3 Bg7 8. 0-0 Ng8 9. f5 exf5 10. exd5 Nb4 11. Nf4 g5 12. Nh5 Bd4+ 13. Kh1 Nxd5 14. Nf3 f4 15. Nxd4 cxd4 16. gxf4 g4 17. Qe1+ Kf8 18. f5 h6 19. Qe5 Ndf6 20. b3 Qe7 21. Qxd4 1-0

[Event "FRA-chT2 9495"]
[Site "France"]
[Date "1994.??.??"]
[Round "?"]
[White "Bauer, Christian"]
[Black "Guigonis, Dominique"]
[Result "1-0"]
[WhiteElo "2450"]
[BlackElo "2320"]
[PlyCount "67"]
[EventDate "1994.??.??"]
[EventType "team"]
[EventRounds "11"]
[EventCountry "FRA"]
[SourceTitle "EXT 2008"]
[Source "ChessBase"]
[SourceDate "2007.11.25"]
[SourceVersion "1"]
[SourceVersionDate "2007.11.25"]
[SourceQuality "1"]

1. e4 e5 2. f4 exf4 3. Nf3 d5 4. exd5 c6 5. d4 Bd6 6. Nc3 Ne7 7. dxc6 bxc6 8. Bd3 Qa5 9. 0-0 Bg4 10. Qe1 Nd7 11. Ne4 Qc7 12. Bd2 h6 13. Kh1 g5 14. c4 c5 15. Ba5 Qb8 16. dxc5 Bxc5 17. Bc3 Rg8 18. Ne5 Nxe5 19. Nf6+ Kf8 20. Bxe5 Qc8 21. Be4 h5 22. Nh7+ Ke8 23. Nf6+ Kf8 24. Nxg8 Nxg8 25. Qa5 Be7 26. Qd5 Rb8 27. Bxb8 Qxb8 28. Qa8 Qxa8 29. Bxa8 Be2 30. Rfc1 g4 31. c5 Bd8 32. Re1 f3 33. Rxe2 fxe2 34. Re1 1-0

[Event "Dijon tt"]
[Site "Dijon"]
[Date "1994.??.??"]
[Round "5"]
[White "Guigonis, Dominique"]
[Black "Bricard, Emmanuel"]
[Result "1-0"]
[WhiteElo "2280"]
[BlackElo "2465"]
[PlyCount "65"]
[EventDate "1994.??.??"]
[EventType "team"]
[EventRounds "9"]
[EventCountry "FRA"]
[SourceTitle "EXT 2004"]
[Source "ChessBase"]
[SourceDate "2003.11.25"]
[SourceVersion "1"]
[SourceVersionDate "2003.11.25"]
[SourceQuality "1"]

1. d4 Nf6 2. c4 c5 3. d5 b5 4. Qc2 bxc4 5. e4 d6 6. Bxc4 g6 7. b3 Bg7 8. Bb2 0-0 9. Ne2 Na6 10. a3 e6 11. Nbc3 Nc7 12. 0-0 exd5 13. exd5 Ng4 14. Rae1 Qh4 15. h3 Ne5 16. Ne4 Rd8 17. f4 Nxc4 18. bxc4 Bxb2 19. Qxb2 f5 20. Ng5 Qh6 21. g4 Qf8 22. Ng3 h6 23. gxf5 gxf5 24. Nf3 Bd7 25. Nh5 Rab8 26. Qc3 Be8 27. Nf6+ Kf7 28. Nh7 Qg8+ 29. Nfg5+ Kg6 30. Qf6+ Kh5 31. Qxf5 Bd7 32. Nf6+ Kh4 33. Nxd7 1-0

[Event "FRA-chT"]
[Site "France"]
[Date "1991.??.??"]
[Round "?"]
[White "Ehlvest, Jaan"]
[Black "Guigonis, Dominique"]
[Result "1-0"]
[WhiteElo "2650"]
[BlackElo "2290"]
[PlyCount "95"]
[EventDate "1991.??.??"]
[EventType "team"]
[EventRounds "12"]
[EventCountry "FRA"]
[SourceTitle "TD"]
[Source "ChessBase"]
[SourceDate "1994.03.01"]
[SourceVersion "1"]
[SourceVersionDate "1994.03.01"]
[SourceQuality "1"]

1. Nf3 d5 2. c4 e6 3. g3 Nd7 4. b3 Ngf6 5. Bb2 Bd6 6. Bg2 0-0 7. 0-0 Re8 8. Nc3 c6 9. Qc2 Nf8 10. d4 b6 11. e4 dxe4 12. Nxe4 Nxe4 13. Qxe4 Bb7 14. Rad1 Qe7 15. Ne5 Rac8 16. Nd3 Ba8 17. Qg4 f6 18. Rfe1 Kh8 19. Qh5 Bb7 20. h4 Kg8 21. Qg4 Rc7 22. c5 bxc5 23. dxc5 Bxc5 24. Nxc5 Qxc5 25. Bxf6 Qa5 26. Re2 h5 27. Qg5 Qa6 28. Bf1 c5 29. Be5 Qc6 30. f3 Rf7 31. Rf2 Nh7 32. Qg6 Nf8 33. Qg5 Nh7 34. Qe3 Rxf3 35. Qxf3 Qxf3 36. Rxf3 Bxf3 37. Rd7 Nf6 38. Rxa7 Ng4 39. Bc7 e5 40. Bc4+ Kh7 41. Bf7 Re7 42. Bb6 Rxa7 43. Bxa7 g6 44. Bxc5 Kg7 45. Bc4 Kf6 46. a4 e4 47. Bd4+ Ke7 48. Kf1 1-0